The personality of Allah's last messenger Muhammad: (Record no. 332355)

000 -LEADER
fixed length control field nam a22 7a 4500
003 - CONTROL NUMBER IDENTIFIER
control field NUST
005 - DATE AND TIME OF LATEST TRANSACTION
control field 20171129110657.0
008 - FIXED-LENGTH DATA ELEMENTS--GENERAL INFORMATION
fixed length control field 171129b xxu||||| |||| 00| 0 eng d
040 ## - CATALOGING SOURCE
Transcribing agency NUST
082 ## - DEWEY DECIMAL CLASSIFICATION NUMBER
Classification number 297.63
Author Mark KHA
100 ## - MAIN ENTRY--PERSONAL NAME
Personal name Khan, Abdul Waheed
9 (RLIN) 6122
245 ## - TITLE STATEMENT
Title The personality of Allah's last messenger Muhammad:
Remainder of title Mustafa Sal Lal Laahu ' Allehi Wa Sallam /
Statement of responsibility, etc. Abdul Waheed Khan
260 ## - PUBLICATION, DISTRIBUTION, ETC.
Place of publication, distribution, etc. Karachi:
Name of publisher, distributor, etc. 36/A South Central Avenue,
Date of publication, distribution, etc. 2015
300 ## - PHYSICAL DESCRIPTION
Extent 141 pages
650 ## - SUBJECT ADDED ENTRY--TOPICAL TERM
Topical term or geographic name entry element Biography- Seerat un Nabi SAW
9 (RLIN) 6831
942 ## - ADDED ENTRY ELEMENTS (KOHA)
Source of classification or shelving scheme
Koha item type Book
Holdings
Withdrawn status Lost status Source of classification or shelving scheme Damaged status Not for loan Permanent Location Current Location Shelving location Date acquired Total Renewals Full call number Barcode Date last seen Copy number Price effective from Koha item type
          Central Library (CL) Central Library (CL) First Floor - Islam 11/29/2017 1 297.63 KHA CL2168 06/02/2023 1 11/29/2017 Book
© 2023 Central Library, National University of Sciences and Technology. All Rights Reserved.